| 000 | 00564nam a2200193 a 4500 | ||
|---|---|---|---|
| 001 | 000035513 | ||
| 005 | 20240510073817.0 | ||
| 008 | 111102s1936 xxu 000 0 eng d | ||
| 040 |
_aDO-SdBNP _bspa _cBNPHU |
||
| 041 | 1 | 7 | _aeng |
| 082 |
_a101 _bD519r |
||
| 100 | 1 |
_aDewey, John, _d1859-1952 _961398 |
|
| 245 | 1 | 0 |
_aReconstruction in philosophy / _cby John Dewey. |
| 260 |
_aNew York : _bHenry Holt and Company, _c1936. |
||
| 300 |
_avii, 224 p. ; _c20 cm. |
||
| 500 | _aIncluye índice | ||
| 650 | 2 | 0 |
_aFilosofía _9813 |
| 910 | _aValidado. Control de calidad MFF | ||
| 999 |
_c35004 _d35004 |
||